|
|
|
|
| LEADER |
00641cam a2200181 7i4500 |
| 001 |
0000027235 |
| 005 |
20120126090000.0 |
| 020 |
0 |
0 |
|a 9780814415566
|
| 090 |
0 |
0 |
|a B 658.8708
|b SHE
|
| 100 |
1 |
0 |
|a Sherman
|
| 245 |
1 |
0 |
|a Franchising & licensing :
|b two powerful ways to grow your business in any economy.
|
| 250 |
0 |
0 |
|a 4th ed..
|
| 260 |
0 |
0 |
|a New York:
|b America Management Association,
|c 2011.
|
| 300 |
# |
# |
|a 451p..
|
| 650 |
0 |
0 |
|a Franchises (Retail trade) --
|z United States of America
|
| 650 |
0 |
0 |
|a License agreements --
|z United States of America
|
| 651 |
0 |
0 |
|a United States of America
|
| 999 |
|
|
|a B000029866
|b Book
|c International
|e Business Information Centre
|